000 00268nam a2200109Ia 4500
005 20251222144741.0
008 251222s9999||||xx |||||||||||||| ||spa||
082 _a342.02/B46
245 0 _aNueva Constitución Política del Perú 1993
264 _bBerrio
942 _cLIB
999 _c18958
_d18958